000 00422nam a2200145Ia 4500
008 211109s9999||||xx |||||||||||||| ||und||
082 _a894.8121
_bPAR-S
100 _aParameswaran Nair, Ulloor
245 0 _aSujathodwaham Ulloor Pub
260 _bNational Book Stall
_aKottayam
_c1959
300 _a94p
630 _xGeneral Stack
650 _aMalayalam Literature
_vMalayalam PoetryLiterature
_xMalayalam
942 _cBOOK
999 _c32044
_d32044